000 01085nam a22003737a 4500
001 BR7500087
003 BR-BrBNA
005 20230928084708.0
007 ta
008 230509b bl.||||| |||| 00| 0 por d
040 _aBR-BrBNA
_bpor
_cBiblioteca Nacional de Agricultura
041 _a(Por)
072 _aF25
_b1910
_b3801
_b3866
_b2030
_b3840
090 _ 1910 BR7500087
100 1 _aVital, R. da C.
110 1 _aGrupo Executivo da Producao Animal, Recife, PE (Brasil);
_95460
110 1 _aPlano de Melhoramento da Alimentacao e do Manejo do Gado Leiteiro, Recife, PE (Brasil)
_97814
245 1 _aAdubacao de pastagens
260 3 _aRecife, PE (Brasil):
_c1974.
300 _a12 p.
500 _a7 ref.
650 _aPASTAGEM
650 _aADUBACAO
650 _aMICROELEMENTO
650 _aMACROELEMENTO
650 _aADUBO ORGANICO
650 _aADUBO VERDE
650 _aCALAGEM
650 _aFERTILIZANTE POTASSICO
650 _aFERTILIZANTE NITROGENADO
650 _aFERTILIZANTE FOSFATADO
909 _a202309
_bLucia
_c55
_dLucia Elande
942 _cBK
999 _c20541
_d20541